000
00195 a2200097 4500
001
43590
100
_a
Mortimer
245
_a
Sound right
260
_a
London
_b
Longman
_c
090
_c
27408
_d
27408
942
_a
NUST-CAE
_c
M
_c
19345
999
_c
278663
_d
278663